000 01007nam a2200241Ia 4500
003 GCL
008 140319s9999 xx 000 0 ara d
020 _a0547501977
040 _aGCL /
_cGCL
082 0 4 _a327.73047
_bأ م
100 1 _aالسيد امين شلبى
245 1 0 _aمن الحرب الباردة الى البحث عن نظام دولى جديد /
_cالسيد امين شلبى
250 _aالاولى
260 _aالقاهرة :
_bالهيئة المصرية العامة للكتاب ،
_c1995
300 _a203 ص ؛
_c24 سم
650 0 4 _aالسياسة الدولية
650 0 4 _aالحرب النفسية
650 0 4 _aالقوى العظمى
650 0 4 _aالولايات المتحدة الامريكية - العلاقات الخارجية
650 0 4 _aالاتحاد السوفيتى - العلاقات الخارجية
650 0 4 _aالولايات المتحدة الامريكية - تاريخ - العصر الحديث - كارتر
942 _2ddc
_cBK
999 _c4985
_d4985